| 000 | 01711nam a2200493 i 4500 | ||
|---|---|---|---|
| 001 | 17905 | ||
| 003 | KOSZ 005 | ||
| 005 | 20191029145352.0 | ||
| 008 | 020718s1978 pl a f |000 0 pol | ||
| 015 | _aPB 1978/9839 | ||
| 035 | _a991018720939705066 | ||
| 035 | _a(PL-WaBN)b15075473-48omnis_nlop | ||
| 035 | _ab15075473 | ||
| 035 | _a(OCoLC)831034283 | ||
| 035 | _a(PL)b0000001507547 | ||
| 035 | _a(EXLNZ-48OMNIS_NETWORK)9910059801305606 | ||
| 040 |
_aWA N _cWA N _dKOSZ 005/EG |
||
| 041 | _apol | ||
| 046 | _k1978 | ||
| 080 | _a159.9 | ||
| 080 | _a(075.8) | ||
| 100 | 1 |
_aBrzeziński, Jerzy _d(1947- ) _eAutor |
|
| 245 | 1 | 0 |
_aElementy metodologii badań psychologicznych : _b[skrypt dla studentów psychologii i pokrewnych dyscyplin socjologii i pedagogiki] / _cJerzy Brzeziński ; [współoprac. Anna Brzezińska]. |
| 260 |
_aWarszawa : _bPaństwowe Wydaw. Naukowe, _c1978. |
||
| 300 |
_a348 s. : _bil., tab., wykr., err. ; _c24 cm. |
||
| 336 |
_2rdacontent _aTekst _btxt |
||
| 337 |
_2rdamedia _aBez urządzenia pośredniczącego _bn |
||
| 338 |
_2rdacarrier _aWolumin _bnc |
||
| 380 | _aKsiążki | ||
| 380 | _aPublikacje dydaktyczne | ||
| 385 |
_mPoziom nauczania _aSzkoły wyższe |
||
| 388 | _a1901-2000 | ||
| 388 | _a1945-1989 | ||
| 504 | _aBibliogr. | ||
| 650 | 7 |
_aPsychologia _2DBN |
|
| 650 | 7 | _aMetody | |
| 655 | 7 |
_aPodręczniki akademickie _2DBN |
|
| 658 | _aPsychologia | ||
| 700 | 1 |
_aBrzezińska, Anna _d(1949- ) _eAutor |
|
| 710 | 2 | _aPaństwowe Wydawnictwo Naukowe | |
| 856 |
_uhttp://koha.tu.koszalin.pl/cgi-bin/koha/opac-detail.pl?biblionumber=17905 _yKatalog online BPK |
||
| 942 |
_2UKD _cKS |
||
| 999 |
_c17905 _d17905 |
||